Best practices : workforce housing development.

Bibliographic Details
Corporate Author: Urban Land Institute
Format: Book
Language:English
Published: [Washington, D.C.] : Urban Land Institute, [2009]
Subjects:

MARC

Tag First Indicator Second Indicator Subfields
LEADER 00000cam a2200000Ia 4500
001 in00002497828
005 20151111051850.0
008 090701s2009 dcua 000 0 eng d
020 |a 0874201411 
020 |a 9780874201413 
035 |a (OCoLC)ocn420940438 
040 |a YDXCP  |c YDXCP  |d SLU  |d TXA  |d UtOrBLW 
043 |a n-us--- 
049 |a TXAM 
090 |a HD7293  |b .B385 2009 
245 0 0 |a Best practices :  |b workforce housing development. 
246 3 0 |a Workforce housing development 
264 1 |a [Washington, D.C.] :  |b Urban Land Institute,  |c [2009] 
264 4 |c ©2009 
300 |a 81 pages :  |b illustrations ;  |c 22 cm. 
336 |a text  |b txt  |2 rdacontent 
337 |a unmediated  |b n  |2 rdamedia 
338 |a volume  |b nc  |2 rdacarrier 
536 |a Donated to MSLD students & Alumni by Dr. Atef Sharkawy and the Development Industry Advisory Council. 
650 0 |a Housing  |z United States. 
650 0 |a Housing policy  |z United States. 
650 0 |a Working class  |x Dwellings  |z United States. 
650 0 |a Labor  |x Dwellings  |z United States. 
710 2 |a Urban Land Institute. 
994 |a C0  |b TXA 
948 |a cataloged  |b h  |c 2009/8/19  |d c  |e jwilkinson 
999 |a MARS 
999 f f |s d9833def-f2b6-3813-9a70-98074374d5b6  |i e2daa851-0f69-3bc6-b7cd-7ebaeb547829  |t 0 
952 f f |p normal  |a Texas A&M University  |b College Station  |c Sterling C. Evans Library  |d Evans: Library Stacks  |t 0  |e HD7293 .B385 2009  |h Library of Congress classification  |i unmediated -- volume  |m A14840157349 
998 f f |a HD7293 .B385 2009  |t 0  |l Evans: Library Stacks